| 000 | 006500000a22001210004500 | ||
|---|---|---|---|
| 100 | 1 | _aEscobar S., Francisco J. | |
| 245 | 1 | 0 | _aDios se equivocó : El 16 de marzo, un documental aterrador |
| 300 | _aVol.0, núm.17 (Febrero, 2007), Página 31 | ||
| 500 | _aPeriodista | ||
| 520 | _aEl documental La pesadilla de Darwin, del director austriaco Hubert Sauper, enfrenta al espectador con una temática compleja: un pueblo africano provee de alimento a millones de europeos mientras sus ciudadanos mueren de hambre. ¿Qué reciben a cambio de Europa? La respuesta no les va a gustar. | ||
| 773 | 0 | _tArcadia / Andrés Felipe Solano, Editor | |
| 942 | _cANA | ||
| 999 |
_c61923 _d61923 |
||